Curso práctico de contabilidad general (Record no. 38053)

MARC details
000 -LEADER
campo de control de longitud fija 00888nam a2200229 i 4500
001 - NÚMERO DE CONTROL
campo de control 38053
003 - IDENTIFICADOR DE NÚMERO DE CONTROL
campo de control ES-MaACL
005 - FECHA Y HORA DE LA ÚLTIMA TRANSACCIÓN
campo de control 20250403172937.0
007 - CAMPO FIJO DE DESCRIPCIÓN FÍSICA--INFORMACIÓN GENERAL
campo de control de longitud fija t|
008 - DATOS DE LONGITUD FIJA--INFORMACIÓN GENERAL
campo de control de longitud fija 030224s1951 sp ||||1| spa d
100 1# - ENTRADA PRINCIPAL--NOMBRE DE PERSONA
Nombre de persona Cabarrocas Gutarra, Pedro.
9 (RLIN) 33161
245 10 - MENCIÓN DEL TÍTULO
Título Curso práctico de contabilidad general
Resto del título : libro del maestro /
Mención de responsabilidad, etc. por Pedro Cabarrocas Gutarra.
260 ## - PUBLICACIÓN, DISTRIBUCIÓN, ETC.
Lugar de publicación, distribución, etc. Gerona :
Nombre del editor, distribuidor, etc. Dalmáu Carles,
Fecha de publicación, distribución, etc. 1951.
300 ## - DESCRIPCIÓN FÍSICA
Extensión 207 p. ;
Dimensiones 22 cm.
510 ## - NOTA DE CITAS O REFERENCIAS BIBLIOGRÁFICAS
Nombre de la fuente CCPB,
Localización dentro de la fuente 001233348-4
650 #4 - PUNTO DE ACCESO ADICIONAL DE MATERIA--TÉRMINO DE MATERIA
9 (RLIN) 11307
Término de materia o nombre geográfico como elemento de entrada Contabilidad
852 ## - LOCALIZACIÓN
Ubicación ES-MaACL
Número de control de estantería D-6491
Sublocalización o colección R.32632
-- R.M.6084
itemnumber 39436
Ubicación en estantería Sala Valle Inclán
Anotaciones manuscritas Anotación manuscrita en cubierta: "32"
Encuadernación Encuadernación holandesa
Donativo/Legado Sello en tinta: "DONATIVO"
942 ## - ELEMENTOS DE ENTRADA SECUNDARIOS (KOHA)
Fuente del sistema de clasificación o colocación Clasificación decimal universal
Tipo de ítem Koha Libro impreso
Holdings
Estatus retirado Estado de pérdida Fuente del sistema de clasificación o colocación Estado de daño No para préstamo Biblioteca de origen Biblioteca actual Ubicación en estantería Fecha de adquisición Fuente de adquisición Total de préstamos Signatura topográfica completa Código de barras Visto por última vez Precio de reemplazo Tipo de ítem Koha
    Clasificación decimal universal     Biblioteca del Ateneo de Madrid Biblioteca del Ateneo de Madrid Sala Valle Inclán 17/01/2008 Donación   D-6491 901040063 23/02/2023 23/02/2023 Libro impreso